000 00576nam a22002057a 4500
001 T027600010739
008 181111b xve|||||r|||| 00| | esp d
099 _aIVP-D-055131
_b
100 _aMoyano, Ramón E
245 _aLa Lombricultura en la Agricultura Sustentable del Siglo XXI
260 _aCd. Guayana, Junio 1998
300 _a12 p.
500 _a
650 _aProyectos de infraestructura física
650 _adirectrices gubernamentales
650 _adesarrollo integral
650 _aunidades de gestión
650 _asector público
942 _cLIB
999 _c11413
_d11413